| 000 | 00957pam a2200289 a 4500 | ||
|---|---|---|---|
| 001 | 4391 | ||
| 005 | 20240819144827.0 | ||
| 020 | _a9780590409940 | ||
| 040 |
_aDLC _cDLC _dDLC _beng |
||
| 050 | 0 | 0 |
_aPZ7.W4362 _b1988 |
| 082 | 0 | 0 | _a263 |
| 100 | 1 | _aWeinberg, Larry | |
| 245 | 1 | 4 |
_aThe Forgetful bears help Santa / _cby Larry Weinberg ; illustrated by Bruce Degen |
| 260 |
_aNew York : _bScholastic ; _c1988 |
||
| 300 |
_a32 unnumbered pages : _bcolor illustrations ; _c21 cm. |
||
| 490 | _a The Forgetful Bears | ||
| 505 | _aH | ||
| 520 | _aWhen Mr. Forgetful Bear sees Santa's clothes and reindeer, he forgets who he is and delivers toys to children. | ||
| 521 |
_a450
_bLexile estimate |
||
| 521 |
_aH
_bRaz-Plus |
||
| 650 | 1 |
_aMemory _vFiction. |
|
| 650 | 1 |
_aChristmas _vFiction. |
|
| 650 | 1 |
_aBears _vFiction. |
|
| 700 | 1 |
_aDegen, Bruce _eillustrator |
|
| 906 |
_a7 _bcbc _corignew _d1 _eocip _f19 _gy-gencatlg |
||
| 942 |
_2ddc _cBK _n0 |
||
| 999 |
_c4391 _d4391 |
||